000 00364nam a22001457a 4500
008 250417b ||||| |||| 00| 0 eng d
020 _a9789951057387
041 _aSHQIP
080 _22022
_a82WIL
082 _282WIL
_a82WIL
100 _a01
101 _aGJUHE DHE LETERSI
245 _aPRANVERA ROMANE E ZONJES STOUN
_cTENNESSEE WILLIAMS
942 _2udc
_cBK
999 _c60655
_d60655